<?xml version="1.0" encoding="UTF-8"?>
<record
    xmlns:xsi="http://www.w3.org/2001/XMLSchema-instance"
    xsi:schemaLocation="http://www.loc.gov/MARC21/slim http://www.loc.gov/standards/marcxml/schema/MARC21slim.xsd"
    xmlns="http://www.loc.gov/MARC21/slim">

  <leader>00655nam a2200205 a 4500</leader>
  <controlfield tag="001">2533</controlfield>
  <controlfield tag="003">CDMR</controlfield>
  <controlfield tag="005">20131210125401.0</controlfield>
  <controlfield tag="008">130130s1963||||||||||||||||||||||||||||d</controlfield>
  <datafield tag="040" ind1=" " ind2=" ">
    <subfield code="a">CDMR</subfield>
    <subfield code="b">cat</subfield>
    <subfield code="c">CDMR</subfield>
  </datafield>
  <datafield tag="100" ind1="1" ind2=" ">
    <subfield code="a">Clausse, Roger</subfield>
    <subfield code="9">1899</subfield>
  </datafield>
  <datafield tag="245" ind1="1" ind2="4">
    <subfield code="a">Les nouvelles</subfield>
    <subfield code="b">: synth&#xE8;se critique</subfield>
    <subfield code="c">par Roger Clausse</subfield>
  </datafield>
  <datafield tag="260" ind1=" " ind2=" ">
    <subfield code="a">Bruxelles</subfield>
    <subfield code="c">1963</subfield>
    <subfield code="b">Institut de Sociologia de l'Universit&#xE9; Libre de Bruxelles</subfield>
  </datafield>
  <datafield tag="300" ind1=" " ind2=" ">
    <subfield code="a">492 p ;</subfield>
    <subfield code="c">24  cm</subfield>
  </datafield>
  <datafield tag="650" ind1="0" ind2="4">
    <subfield code="9">3082</subfield>
    <subfield code="a">Mitjans de comunicaci&#xF3; social</subfield>
  </datafield>
  <datafield tag="650" ind1="0" ind2="4">
    <subfield code="9">3846</subfield>
    <subfield code="a">Diaris</subfield>
    <subfield code="x">Circulaci&#xF3;</subfield>
  </datafield>
  <datafield tag="650" ind1="0" ind2="4">
    <subfield code="9">4289</subfield>
    <subfield code="a">Comunicaci&#xF3;</subfield>
    <subfield code="x">Aspectes socials</subfield>
  </datafield>
  <datafield tag="650" ind1="0" ind2="4">
    <subfield code="9">2190</subfield>
    <subfield code="a">Comunicaci&#xF3; internacional</subfield>
  </datafield>
  <datafield tag="942" ind1=" " ind2=" ">
    <subfield code="c">MON</subfield>
    <subfield code="2">udc</subfield>
  </datafield>
  <datafield tag="999" ind1=" " ind2=" ">
    <subfield code="c">2533</subfield>
    <subfield code="d">2533</subfield>
  </datafield>
  <datafield tag="952" ind1=" " ind2=" ">
    <subfield code="0">0</subfield>
    <subfield code="1">0</subfield>
    <subfield code="4">0</subfield>
    <subfield code="7">0</subfield>
    <subfield code="a">CDMR</subfield>
    <subfield code="b">CDMR</subfield>
    <subfield code="d">2013-01-16</subfield>
    <subfield code="l">0</subfield>
    <subfield code="o">Ca</subfield>
    <subfield code="p">CDMR1312613213</subfield>
    <subfield code="r">2013-01-16</subfield>
    <subfield code="w">2013-01-16</subfield>
    <subfield code="y">MON</subfield>
  </datafield>
</record>
